000 00233nam a2200097Ia 4500
001 659129
005 20250826154649.0
008 250824s9999 xx 000 0 und d
245 0 _aBİR YUMAK MUTLULULK
_cDEBBI MACOMBER
260 _bMARTI
999 _c659129
_d659129